000
00242nam a2200109Ia 4500
999
_c
7762
_d
7762
020
_a
978-0073655789
100
_a
Roger S. Pressman
245
0
_a
Software Engineering
260
_a
New York
_b
Prentice Hall
_c
2001
300
_a
858
942
_c
BK